书目信息 |
| 题名: |
钛白粉应用手册
|
|
| 作者: | 邓捷 , 吴立峰 主编 | |
| 分册: | ||
| 出版信息: | 北京 化学工业出版社 2005.01 |
|
| 页数: | 299页 | |
| 开本: | 24cm | |
| 丛书名: | ||
| 单 册: | ||
| 中图分类: | TQ621.1-62 | |
| 科图分类: | ||
| 主题词: | 钛白--手册 | |
| 电子资源: | ||
| ISBN: | 7-5025-6119-6 | |
| 000 | 00835nam0 2200265 450 | |
| 001 | 0165173922 | |
| 005 | 20051025102028.93 | |
| 010 | @a7-5025-6119-6@dCNY45.00 | |
| 100 | @a20050126d2005 km y0chiy0120 ea | |
| 101 | 0 | @achi |
| 102 | @aCN@b110000 | |
| 105 | @aa a 000yy | |
| 200 | 1 | @a钛白粉应用手册@Atai bai fen ying yong shou ce@f邓捷, 吴立峰主编@Fdeng jie,wu li feng zhu bian |
| 205 | @a修订版 | |
| 210 | @a北京@c化学工业出版社@d2005.01 | |
| 215 | @a299页@c图@d24cm | |
| 305 | @a本书实际2004年出版。 | |
| 320 | @a有书目。 | |
| 330 | @a本手册着重介绍了二氧化钛颜料在涂料/油漆、塑料、纸张、油墨等主要体系中的基本应用原理。 | |
| 606 | 0 | @a钛白@x手册 |
| 690 | @aTQ621.1-62@v4 | |
| 701 | 0 | @a邓捷@Adeng jie@4主编 |
| 701 | 0 | @a吴立峰@Awu li feng@4主编 |
| 801 | 0 | @aCN@bbQSSK@c20051025 |
| 905 | @a10447@dTQ621.1-62@eD281 | |
| 钛白粉应用手册/邓捷, 吴立峰主编.-修订版.-北京:化学工业出版社,2005.01 |
| 299页:图;24cm |
| ISBN 7-5025-6119-6:CNY45.00 |
| 本手册着重介绍了二氧化钛颜料在涂料/油漆、塑料、纸张、油墨等主要体系中的基本应用原理。 |
| ● |
| 相关链接 |
|
|
|
正题名:钛白粉应用手册
索取号:TQ621.1-62/D281
 
预约/预借
| 序号 | 登录号 | 条形码 | 馆藏地/架位号 | 状态 | 备注 |
| 1 | 572289 | 205722896 | 自科库501/501自科库 40排3列2层/ [索取号:TQ621.1-62/D281] | 在馆 | |
| 2 | 572290 | 205722903 | 期刊室512/501自科库 40排3列2层/ [索取号:TQ621.1-62/D281] | 在馆 | |
| 3 | 572291 | 205722912 | 自科库501/501自科库 40排3列2层/ [索取号:TQ621.1-62/D281] | 在馆 |